000 00714nam a2200217Ii 4500
003 JO-AjNU
008 230605s9999||||xx |||||||||||||| ||und||
017 _a1985/12/3500
040 _aJO-AjNU
_bara
_erda
_cJO-AjNU
041 _aara
050 1 4 _aPJ832 1985
100 3 _aتاليف بلايتون،انيد؛ترجمة هاني الصالح,
_eauthor
_914818
245 0 0 _aلغز الزورق الاخضر:رواية للفتيان
250 _aط1
264 3 1 _aدمشق: وزارة الثقافة، 1985
300 _a222ص
336 _atext
_btxt
_2rdacontent
337 _aunmediated
_bn
_2rdamedia
338 _avolume
_bnc
_2rdacarrier
650 4 _aلغز الزورق الأخضر-رواية
_914819
999 _aA4041
_c7609
_d7609